Marketing

Сохранить в:
Библиографические подробности
Главный автор:  Grewal, Dhruv
Формат: Sách
Язык:Undetermined
Опубликовано:  McGraw-Hill Irwin  2008
Предметы:
Метки: Добавить метку
Нет меток, Требуется 1-ая метка записи!
Thư viện lưu trữ: Trung tâm Thư viện - Trường Đại học Công nghiệp TP. Hồ Chí Minh
LEADER 00458nam a2200157Ia 4500
001 UIH_05713
008 231011s9999 xx 000 0 und d
082 |a  658.8 
100 |a  Grewal, Dhruv 
245 0 |a  Marketing 
245 0 |c  Grewal, Dhruv 
260 |b  McGraw-Hill Irwin 
260 |c  2008 
650 |a  Tiếp thị; Marketing;  
927 |a Sách 
980 |a Trung tâm Thư viện - Trường Đại học Công nghiệp TP. Hồ Chí Minh